[Event "World Blitz 2015"]
[Site "Berlin GER"]
[Date "2015.10.14"]
[Round "17.58"]
[White "Halkias, Stelios"]
[Black "Godena, Michele"]
[Result "1-0"]
[WhiteTitle "GM"]
[BlackTitle "GM"]
[WhiteElo "2534"]
[BlackElo "2513"]
[WhiteFideId "4201809"]
[BlackFideId "800090"]
[EventDate "2015.10.13"]

1. c4 e5 2. g3 Nf6 3. Bg2 c6 4. Nf3 e4 5. Nd4 Bc5 6. Nb3 Be7 7. O-O O-O 8. Nc3
d5 9. cxd5 cxd5 10. d3 exd3 11. Qxd3 Be6 12. Bg5 Nc6 13. Rad1 Qb6 14. Bxf6 Bxf6
15. Nxd5 Bxd5 16. Bxd5 Nb4 17. Qb1 Nxd5 18. Rxd5 a5 19. Rd2 Rac8 20. Rfd1 Rfe8
21. e3 h5 22. Qf5 a4 23. Nd4 g6 24. Qf4 Be5 25. Qf3 Qa5 26. Kg2 b5 27. Nc6 Qb6
28. Nb4 Re6 29. h4 Rf6 30. Qe4 Re6 31. Qf3 Rf6 32. Qe4 Re6 33. Nd5 Qb8 34. Qb4
Rc4 35. Qa5 Qb7 36. Kg1 Kg7 37. b3 axb3 38. axb3 Rg4 39. Kf1 Kh7 40. Qd8 Kg7 41.
Rc2 Bf6 42. Qc8 Qxc8 43. Rxc8 Be5 44. Rd8 Rc6 45. Rd2 Re4 46. Re8 f5 47. Ke2 Bd6
48. Rxe4 fxe4 49. Kd1 Be5 50. Rc2 Ra6 51. Ke2 Ra3 52. b4 Rb3 53. Rc5 Rb2+ 54.
Kf1 Bd6 55. Rxb5 Kf7 56. Rb7+ Ke6 57. Nf4+ Bxf4 58. gxf4 Kf5 59. Kg2 Kg4 60. Rg7
Rxb4 61. Rxg6+ Kxh4 62. Rg8 Rb2 63. Re8 Rb4 64. Re5 Kg4 65. Rg5+ Kh4 66. Rg7 Ra4
67. Kf1 Ra2 68. Kg2 Ra4 69. Rg6 Ra2 70. Rg7 Ra4 71. Rg8 Ra2 72. f5 Ra5 73. f6
Rf5 74. Rg6 Rf3 75. Kg1 Kh3 76. Rg3+ 1-0

[Event "World Blitz 2015"]
[Site "Berlin GER"]
[Date "2015.10.14"]
[Round "17.59"]
[White "Agdestein, Simen"]
[Black "Kunin, Vitaly"]
[Result "0-1"]
[WhiteTitle "GM"]
[BlackTitle "GM"]
[WhiteElo "2606"]
[BlackElo "2556"]
[WhiteFideId "1500015"]
[BlackFideId "4128737"]
[EventDate "2015.10.13"]

1. d4 d6 2. e4 Nf6 3. Nc3 e5 4. Nf3 Nbd7 5. Bc4 Be7 6. O-O O-O 7. Re1 c6 8. a4
exd4 9. Qxd4 Ne5 10. Be2 Qc7 11. Bf4 Ng6 12. Bg3 Nh5 13. Rad1 Nxg3 14. hxg3 Be6
15. Qe3 a6 16. Nd4 b5 17. Nxe6 fxe6 18. Bg4 e5 19. Be6+ Kh8 20. Bf5 Rf6 21. axb5
axb5 22. Ra1 Qb7 23. Qd3 Bd8 24. Rxa8 Qxa8 25. Nd1 Bb6 26. Ne3 Bxe3 27. Qxe3 Ne7
28. Bh3 h6 29. Qc3 Qa7 30. Qd2 c5 31. c3 Qa8 32. f3 Qa7 33. Kh2 c4 34. Rb1 Nc6
35. Qe1 Na5 36. Ra1 Qb6 37. Qg1 Qc7 38. Qe3 Rf8 39. Be6 Nc6 40. Bd5 Rb8 41. Ra6
Ne7 42. Be6 Nc6 43. g4 Qb7 44. Ra1 Ra8 45. Rh1 Qe7 46. Kg3 Qxe6 47. g5 Qg6 48.
Kf2 Kh7 49. gxh6 gxh6 50. Qb6 Ne7 51. Qb7 Re8 52. Qd7 Qf7 53. Qxd6 Ng6 54. Rd1
Qa7+ 55. Kf1 Qe7 56. Qc6 Rd8 57. Rxd8 Qxd8 58. Qxb5 Nf4 59. Qxc4 Qd1+ 60. Kf2
Qd2+ 61. Kf1 Qd1+ 62. Kf2 Qd2+ 63. Kf1 Qxg2+ 64. Ke1 Qg1+ 65. Kd2 Qf2+ 66. Kc1
Qe1+ 67. Kc2 Qe2+ 68. Qxe2 Nxe2 69. b4 Nf4 70. b5 Ne6 71. b6 Nc5 72. Kb2 h5 73.
Ka3 h4 74. Kb4 Nb7 75. Kb5 h3 76. Kc6 Na5+ 77. Kb5 Nb7 78. Kc6 h2 79. Kxb7 h1=Q
80. Kc7 Qxf3 81. c4 Qxe4 82. c5 Qd5 83. c6 e4 84. b7 Qa5+ 85. Kc8 Qb5 86. b8=Q
Qxc6+ 87. Kd8 Qd5+ 88. Ke7 Kg6 89. Qb1 Kf5 90. Qf1+ Ke5 91. Qa1+ Qd4 92. Qa5+
Kf4 93. Qh5 Qd5 0-1

[Event "World Blitz 2015"]
[Site "Berlin GER"]
[Date "2015.10.14"]
[Round "17.60"]
[White "Hirneise, Tobias"]
[Black "Lagarde, Maxime"]
[Result "0-1"]
[WhiteTitle "IM"]
[BlackTitle "GM"]
[WhiteElo "2457"]
[BlackElo "2550"]
[WhiteFideId "24600881"]
[BlackFideId "662399"]
[EventDate "2015.10.13"]

1. e4 c5 2. Nf3 d6 3. d4 cxd4 4. Nxd4 Nf6 5. Nc3 Nc6 6. Bg5 e6 7. Qd2 Be7 8.
O-O-O O-O 9. f3 Nxd4 10. Qxd4 Bd7 11. h4 Bc6 12. Kb1 Qc7 13. h5 h6 14. Be3 Rfd8
15. Qd2 d5 16. e5 d4 17. Bxd4 Bc5 18. Qe3 Rxd4 19. Rxd4 Bxd4 20. Qxd4 Rd8 21.
Qe3 Nd5 22. Nxd5 Rxd5 23. Bd3 Qxe5 24. Qxa7 f5 25. Qf2 Qd6 26. Re1 Bd7 27. a3 b5
28. Qe2 Kh8 29. g4 Rd4 30. gxf5 exf5 31. Qe5 Kg8 32. Bxb5 Rd1+ 33. Ka2 Bxb5 34.
Rxd1 Qxe5 0-1

[Event "World Blitz 2015"]
[Site "Berlin GER"]
[Date "2015.10.14"]
[Round "17.62"]
[White "Khismatullin, Denis"]
[Black "Pham, Le Thao Nguyen"]
[Result "1-0"]
[WhiteTitle "GM"]
[BlackTitle "IM"]
[WhiteElo "2651"]
[BlackElo "2319"]
[WhiteFideId "4142578"]
[BlackFideId "12401226"]
[EventDate "2015.10.13"]

1. d4 d5 2. c4 c6 3. Nf3 Nf6 4. e3 Bf5 5. Nc3 e6 6. Nh4 Be4 7. f3 Bg6 8. Qb3 Qb6
9. Nxg6 hxg6 10. g3 Nbd7 11. Bd2 Be7 12. Kf2 Qxb3 13. axb3 g5 14. c5 a6 15. b4
Rc8 16. Bd3 e5 17. Kg2 g6 18. h3 Nh5 19. g4 Ng7 20. dxe5 Nxe5 21. Be2 Rd8 22. f4
Nd7 23. Rae1 Kf8 24. Rhf1 gxf4 25. exf4 f5 26. Bd3 Kf7 27. Ne2 Bh4 28. Rb1 Nf6
29. g5 Ne4 30. Bc3 Rhe8 31. Rf3 Ne6 32. Rd1 Ng7 33. Nd4 Ne6 34. Nb3 Re7 35. Rff1
Rde8 36. Rf3 Nc7 37. Na5 Nb5 38. Bf1 Rd7 39. Bd3 Rde7 40. Bf1 Rd7 41. Re3 Red8
42. Bd4 Bf2 43. Bxb5 Bxe3 44. Bxc6 1-0

[Event "World Blitz 2015"]
[Site "Berlin GER"]
[Date "2015.10.14"]
[Round "17.63"]
[White "Ehlvest, Jaan"]
[Black "Demuth, Adrien"]
[Result "0-1"]
[WhiteTitle "GM"]
[BlackTitle "GM"]
[WhiteElo "2535"]
[BlackElo "2545"]
[WhiteFideId "4500016"]
[BlackFideId "642274"]
[EventDate "2015.10.13"]

1. Nf3 d5 2. c4 e6 3. g3 Nf6 4. Bg2 Be7 5. O-O c5 6. cxd5 exd5 7. d4 Nc6 8. dxc5
Bxc5 9. a3 Ne4 10. Nc3 O-O 11. Qc2 Nxc3 12. bxc3 Re8 13. Ng5 g6 14. Bf4 h6 15.
Nf3 Bf5 16. Qd2 g5 17. Be3 Bxe3 18. fxe3 Be4 19. Rf2 Qe7 20. Raf1 Na5 21. Nd4
Nc4 22. Qc1 Bxg2 23. Rxf7 Qe4 24. R1f2 Bh3 25. Rxb7 Rf8 26. Nf3 g4 27. Qd1 d4
28. Qb3 dxe3 29. Rc7 Rab8 0-1

[Event "World Blitz 2015"]
[Site "Berlin GER"]
[Date "2015.10.14"]
[Round "17.64"]
[White "Naumann, Alexander"]
[Black "Dlugy, Maxim"]
[Result "0-1"]
[WhiteTitle "GM"]
[BlackTitle "GM"]
[WhiteElo "2545"]
[BlackElo "2518"]
[WhiteFideId "4623169"]
[BlackFideId "2000075"]
[EventDate "2015.10.13"]

1. d4 Nf6 2. c4 g6 3. Nf3 Bg7 4. g3 O-O 5. Bg2 d6 6. O-O c6 7. Nc3 Qa5 8. e4 e5
9. h3 Nbd7 10. Re1 exd4 11. Nxd4 Ne5 12. Bf1 Re8 13. Be3 c5 14. Nb3 Qb4 15. a3
Qb6 16. Nd5 Nxd5 17. cxd5 f5 18. f4 Nf7 19. e5 dxe5 20. Bxc5 Qd8 21. fxe5 Bxe5
22. Qd3 Bd7 23. Bd4 Qf6 24. Bg2 Nd6 25. Bxe5 Rxe5 26. Qd4 Rxe1+ 27. Rxe1 Qxd4+
28. Nxd4 Re8 29. Rxe8+ Bxe8 30. b3 Kf7 31. Kf2 Kf6 32. Ke3 g5 33. h4 h6 34.
hxg5+ hxg5 35. Ne6 b6 36. a4 Bh5 37. Nd4 Bd1 38. Kd2 Bg4 39. Ke3 Bh5 40. Nc6 a5
41. Kd4 f4 42. gxf4 gxf4 43. Nb8 Bg4 44. Nc6 f3 45. Bf1 Kf5 46. b4 axb4 47. Nxb4
Kf4 48. Nc6 f2 49. a5 bxa5 50. Nxa5 Nf5+ 51. Kc3 Ng3 52. Bg2 Bf3 53. Bh3 Bxd5
54. Kd4 Be6 55. Bg2 Bg4 56. Nc4 Bf3 57. Bh3 Bg4 58. Bg2 Nf5+ 59. Kd3 Bf3 60. Bf1
Ng3 61. Nd2 Bb7 62. Bh3 Ba6+ 63. Kd4 Ne2+ 64. Kd5 Ng1 65. Bg2 Bb7+ 0-1

[Event "World Blitz 2015"]
[Site "Berlin GER"]
[Date "2015.10.14"]
[Round "17.65"]
[White "Van Wely, Loek"]
[Black "Bezold, Michael"]
[Result "0-1"]
[WhiteTitle "GM"]
[BlackTitle "GM"]
[WhiteElo "2632"]
[BlackElo "2509"]
[WhiteFideId "1000268"]
[BlackFideId "4601718"]
[EventDate "2015.10.13"]

1. d4 Nf6 2. Bg5 e6 3. e4 h6 4. Bxf6 Qxf6 5. c3 d6 6. Bc4 Qe7 7. Ne2 g6 8. O-O
Bg7 9. f4 O-O 10. Nd2 c6 11. Bb3 Kh7 12. Kh1 Nd7 13. f5 gxf5 14. exf5 e5 15. f6
Nxf6 16. dxe5 dxe5 17. Ng3 Kh8 18. Bc2 Bg4 19. Qe1 Rad8 20. Nde4 Nxe4 21. Qxe4
f5 22. Nxf5 Bxf5 23. Rxf5 Rxf5 24. Qxf5 Bf6 25. Rf1 Rf8 26. Be4 Qg7 27. Qe6 Qe7
28. Qh3 Bg7 29. Rd1 Qf6 30. g3 Qf2 31. Qh5 Qf7 32. Qxf7 Rxf7 33. Rd8+ Bf8 34.
Kg2 Kg7 35. h4 Bc5 36. b4 Bb6 37. Rb8 a5 38. a4 axb4 39. cxb4 Ba7 40. Ra8 Bd4
41. b5 cxb5 42. axb5 b6 43. Kh3 Re7 44. Kg4 Rf7 45. Rc8 Re7 46. Rc6 Be3 47. Kh5
Kf8 48. g4 Rg7 49. Re6 Re7 50. Rc6 Kg7 51. g5 hxg5 52. hxg5 Rd7 53. Rg6+ Kf7 54.
Rh6 Rd2 55. Rf6+ Kg7 56. Rf3 Bf4 57. Rc3 Rd4 58. Rc7+ Kf8 59. Bf5 e4 60. g6 Bxc7 0-1

[Event "World Blitz 2015"]
[Site "Berlin GER"]
[Date "2015.10.14"]
[Round "17.66"]
[White "Sumets, Andrey"]
[Black "Hausrath, Daniel"]
[Result "0-1"]
[WhiteTitle "GM"]
[BlackTitle "GM"]
[WhiteElo "2583"]
[BlackElo "2503"]
[WhiteFideId "14105500"]
[BlackFideId "4617495"]
[EventDate "2015.10.13"]

1. Nf3 c5 2. e4 Nc6 3. Bb5 Nf6 4. Nc3 Qc7 5. O-O Nd4 6. Re1 e5 7. Bc4 Be7 8. d3
d6 9. Nd2 O-O 10. Nf1 Bg4 11. f3 Be6 12. Bg5 h6 13. Bxf6 Bxf6 14. Nd5 Bxd5 15.
Bxd5 Bg5 16. c3 Ne6 17. g3 h5 18. Re2 Qe7 19. Rf2 Rab8 20. a4 b6 21. Qe2 g6 22.
Ne3 Bxe3 23. Qxe3 Qg5 24. Qxg5 Nxg5 25. Kg2 Kg7 26. f4 exf4 27. gxf4 Nh7 28. h3
Nf6 29. Bc4 Rbd8 30. e5 Ng8 31. Re1 Nh6 32. exd6 Nf5 33. Re7 Rxd6 34. Rxa7 Ne3+
35. Kh2 Rf6 36. Rb7 Re8 37. Kg3 h4+ 38. Kxh4 Nf5+ 39. Kg4 Re3 40. Rf3 Re2 41. h4
Rxb2 42. h5 Nh6+ 43. Kh4 Rh2+ 44. Rh3 Rxf4+ 45. Kg3 Rxh3+ 46. Kxf4 Rh4+ 47. Kg3
Nf5+ 48. Kf2 Nd6 49. hxg6 Nxb7 0-1

[Event "World Blitz 2015"]
[Site "Berlin GER"]
[Date "2015.10.14"]
[Round "17.67"]
[White "Romanov, Evgeny"]
[Black "Schmaltz, Roland"]
[Result "1/2-1/2"]
[WhiteTitle "GM"]
[BlackTitle "GM"]
[WhiteElo "2573"]
[BlackElo "2504"]
[WhiteFideId "4148843"]
[BlackFideId "4614054"]
[EventDate "2015.10.13"]

1. d4 Nf6 2. c4 g6 3. Nc3 Bg7 4. e4 d6 5. Bd3 O-O 6. Nge2 Na6 7. f3 e5 8. Be3
exd4 9. Nxd4 Nc5 10. Be2 a6 11. O-O Re8 12. Qd2 Ne6 13. Rad1 Nxd4 14. Bxd4 Be6
15. b3 Qe7 16. f4 c5 17. Bf2 Ng4 18. Bxg4 Bxg4 19. Rde1 Bd7 20. Nd5 Qd8 21. f5
Bc6 22. f6 Bxd5 23. fxg7 Bxe4 24. Qh6 Bd3 25. Rxe8+ Qxe8 26. Re1 Qd7 27. Qe3 Bf5
28. Bh4 b5 29. Bf6 bxc4 30. bxc4 Rb8 31. h3 Qe6 32. Qc3 Qxe1+ 33. Qxe1 Rb1 34.
Qxb1 Bxb1 35. a3 Ba2 36. Be7 Bxc4 37. Bxd6 Kxg7 38. Bxc5 f5 39. h4 h6 40. g3 Bb5 1/2-1/2

[Event "World Blitz 2015"]
[Site "Berlin GER"]
[Date "2015.10.14"]
[Round "17.68"]
[White "Shchekachev, Andrei"]
[Black "Lenic, Luka"]
[Result "0-1"]
[WhiteTitle "GM"]
[BlackTitle "GM"]
[WhiteElo "2531"]
[BlackElo "2639"]
[WhiteFideId "4107730"]
[BlackFideId "14603853"]
[EventDate "2015.10.13"]

1. Nf3 Nf6 2. c4 e6 3. Nc3 d5 4. d4 c5 5. cxd5 Nxd5 6. e4 Nxc3 7. bxc3 cxd4 8.
cxd4 Bb4+ 9. Bd2 Bxd2+ 10. Qxd2 O-O 11. Bc4 b6 12. O-O Bb7 13. Rfe1 Nd7 14. Rad1
Rc8 15. Bb3 Qf6 16. h3 Rfd8 17. Qe3 Qe7 18. Nh2 Nf6 19. Ng4 Nxe4 20. d5 Nc5 21.
dxe6 fxe6 22. Rxd8+ Rxd8 23. Bc2 Rf8 24. Bb1 Qd6 25. Ne5 Qd5 26. f3 Rd8 27. Qg5
Qd2 28. Bxh7+ Kxh7 29. Qh5+ Kg8 30. Qf7+ Kh7 31. Qg6+ Kg8 32. Qf7+ Kh8 33. Ng6+
Kh7 34. Re5 Rd5 35. Ne7 Rxe5 36. Qg6+ Kh8 37. Qe8+ Kh7 38. Qg6+ Kh8 39. Qe8+ Kh7
40. Qg6+ Kh8 41. Qe8+ Kh7 42. Qg8+ Kh6 43. Qh8+ Kg5 44. Qxg7+ Kf4 45. Ng6+ Ke3
46. Qxe5+ Kd3 47. Nf4+ Kc2 48. h4 Bd5 49. h5 Nd3 50. Nxd3 Qxd3 51. h6 Bxa2 52.
Qc7+ Kd1 53. h7 Qd4+ 54. Kh2 Bb1 55. Qg3 Bxh7 0-1

[Event "World Blitz 2015"]
[Site "Berlin GER"]
[Date "2015.10.14"]
[Round "17.69"]
[White "Teske, Henrik"]
[Black "Stefansson, Hannes"]
[Result "1/2-1/2"]
[WhiteTitle "GM"]
[BlackTitle "GM"]
[WhiteElo "2475"]
[BlackElo "2602"]
[WhiteFideId "4611500"]
[BlackFideId "2300087"]
[EventDate "2015.10.13"]

1. c4 e5 2. Nc3 Nf6 3. Nf3 Nc6 4. g3 Nd4 5. Bg2 Nxf3+ 6. Bxf3 Bc5 7. O-O O-O 8.
e3 Bb4 9. Nd5 Nxd5 10. cxd5 d6 11. d4 Bh3 12. Bg2 Bxg2 13. Kxg2 exd4 14. Qxd4
Bc5 15. Qf4 f5 16. b4 Bb6 17. Bb2 Qe7 18. Rac1 a5 19. a3 axb4 20. axb4 Ra2 21.
Bd4 Qf7 22. Bxb6 Qxd5+ 23. Qf3 Qxf3+ 24. Kxf3 cxb6 25. Rfd1 Rf6 26. Rc8+ Kf7 27.
Rc7+ Kg6 28. Rxb7 d5 29. Rxd5 Rc6 30. Rdd7 Rcc2 31. Kf4 Rc4+ 32. Kf3 Rcc2 33.
Rxb6+ Kh5 34. Kf4 Rxf2+ 35. Ke5 Ra3 36. Rxg7 Rxe3+ 37. Kd4 Re4+ 38. Kc5 Rc2+ 39.
Kb5 h6 40. Rgg6 Re5+ 41. Ka6 Ra2+ 42. Kb7 Re7+ 43. Kb8 Re8+ 44. Kb7 Re7+ 45. Kb8
Re8+ 46. Kb7 Re7+ 1/2-1/2

[Event "World Blitz 2015"]
[Site "Berlin GER"]
[Date "2015.10.14"]
[Round "17.70"]
[White "Kovalev, Vladislav"]
[Black "Huzman, Alexander"]
[Result "0-1"]
[WhiteTitle "GM"]
[BlackTitle "GM"]
[WhiteElo "2546"]
[BlackElo "2580"]
[WhiteFideId "13504398"]
[BlackFideId "2803828"]
[EventDate "2015.10.13"]

1. d4 Nf6 2. Nc3 d5 3. Bf4 g6 4. e3 Bg7 5. Nf3 O-O 6. Be2 b6 7. Ne5 Bb7 8. h4 c5
9. h5 Nc6 10. hxg6 hxg6 11. g4 cxd4 12. exd4 Ne4 13. f3 Nxc3 14. bxc3 Nxe5 15.
Bxe5 f6 16. Bf4 e5 17. Bh6 Qc7 18. Qd2 g5 19. Bxg7 Kxg7 20. O-O-O Rac8 21. Kb2
Rh8 22. dxe5 Qxe5 23. Rhe1 Rh2 24. Qd3 Ba6 25. Qxa6 Qxc3+ 26. Kb1 Qxc2+ 27. Ka1
Qc3+ 28. Kb1 Qb4+ 29. Ka1 Rc2 30. Qb7+ Kh6 31. Qh7+ Kxh7 32. Bd3+ Kh6 0-1

[Event "World Blitz 2015"]
[Site "Berlin GER"]
[Date "2015.10.14"]
[Round "17.71"]
[White "Polzin, Rainer"]
[Black "Milanovic, Danilo"]
[Result "1-0"]
[WhiteTitle "GM"]
[BlackTitle "GM"]
[WhiteElo "2416"]
[BlackElo "2469"]
[WhiteFideId "4610741"]
[BlackFideId "915483"]
[EventDate "2015.10.13"]

1. e4 d5 2. exd5 Qxd5 3. Nc3 Qd8 4. d4 Nf6 5. Nf3 Bg4 6. Be2 e6 7. h3 Bh5 8. Ne5
Bxe2 9. Qxe2 c6 10. Bg5 Nbd7 11. O-O-O Be7 12. f4 O-O 13. g4 Nb6 14. Bxf6 Bxf6
15. h4 Be7 16. g5 Nd5 17. Nxd5 cxd5 18. h5 Bd6 19. Nd3 Qc7 20. Rdf1 Qc4 21. g6
Rae8 22. gxh7+ Kxh7 23. Qe3 Qxa2 24. Rfg1 Qa1+ 25. Kd2 Qa5+ 26. c3 Qd8 27. Ne5
Qf6 28. Ng6 fxg6 29. hxg6+ 1-0

[Event "World Blitz 2015"]
[Site "Berlin GER"]
[Date "2015.10.14"]
[Round "17.72"]
[White "Fedorchuk, Sergey A."]
[Black "Riff, Jean-Noel"]
[Result "1-0"]
[WhiteTitle "GM"]
[BlackTitle "GM"]
[WhiteElo "2635"]
[BlackElo "2499"]
[WhiteFideId "14102536"]
[BlackFideId "611190"]
[EventDate "2015.10.13"]

1. e4 c5 2. Nf3 d6 3. d4 cxd4 4. Nxd4 Nf6 5. Nc3 e6 6. g4 h6 7. Bg2 Nc6 8. h3 a6
9. Be3 Ne5 10. Nde2 g5 11. b3 Ng6 12. Qd4 Nh4 13. Rg1 Nxg2+ 14. Rxg2 e5 15. Qd3
Be6 16. O-O-O Rc8 17. Ng3 Qa5 18. Kb2 d5 19. Nxd5 Bxd5 20. exd5 Ba3+ 21. Kb1
Nxd5 22. Ne4 Rd8 23. Rgg1 O-O 24. h4 Be7 25. Bd2 Qa3 26. hxg5 hxg5 27. Rh1 f5
28. Qh3 Kf7 29. Qh5+ Ke6 30. gxf5+ Kd7 31. Bc1 Qa5 32. Rxd5+ Qxd5 33. Rd1 Qxd1
34. Qxd1+ Kc8 35. Qe2 Rh8 36. f6 Bf8 37. Kb2 Rh1 38. Bxg5 Kb8 39. Nc3 Rc8 40.
Qxe5+ Ka8 41. Be3 Bb4 42. Nd5 1-0

[Event "World Blitz 2015"]
[Site "Berlin GER"]
[Date "2015.10.14"]
[Round "17.73"]
[White "Tari, Aryan"]
[Black "Agrest, Evgenij"]
[Result "0-1"]
[WhiteTitle "IM"]
[BlackTitle "GM"]
[WhiteElo "2521"]
[BlackElo "2596"]
[WhiteFideId "1510045"]
[BlackFideId "1705024"]
[EventDate "2015.10.13"]

1. e4 c6 2. d4 d5 3. Nc3 dxe4 4. Nxe4 Bf5 5. Ng3 Bg6 6. h4 h6 7. Nf3 Nd7 8. h5
Bh7 9. Bd3 Bxd3 10. Qxd3 e6 11. Bd2 Ngf6 12. O-O-O Be7 13. Ne4 Qb6 14. Kb1 Rd8
15. c4 c5 16. Bc3 Nxe4 17. Qxe4 Nf6 18. Qe2 cxd4 19. Bxd4 Bc5 20. Bxc5 Rxd1+ 21.
Rxd1 Qxc5 22. Ne5 O-O 23. g4 Qc7 24. Qe3 Rd8 25. Rxd8+ Qxd8 26. Kc2 Qa5 27. a3
Qa4+ 28. Qb3 Qa5 29. Qc3 Qc5 30. f3 Ne8 31. b4 Qc7 32. Qd4 Nd6 33. Kb3 b6 34. c5
Nb5 35. Qe4 bxc5 36. Qa8+ Kh7 37. Qe4+ f5 38. gxf5 Nd4+ 39. Kb2 Nxf5 40. Ng6 Qd6
41. Nf8+ Qxf8 42. Qxe6 cxb4 43. a4 Kh8 44. Kb1 Nd4 45. Qe4 Qf5 0-1

[Event "World Blitz 2015"]
[Site "Berlin GER"]
[Date "2015.10.14"]
[Round "17.74"]
[White "Ernst, Sipke"]
[Black "Papin, Vasily"]
[Result "1/2-1/2"]
[WhiteTitle "GM"]
[BlackTitle "GM"]
[WhiteElo "2527"]
[BlackElo "2502"]
[WhiteFideId "1004689"]
[BlackFideId "4143183"]
[EventDate "2015.10.13"]

1. d4 Nf6 2. Nf3 b6 3. Bg5 e6 4. e3 Bb7 5. c4 h6 6. Bh4 Bb4+ 7. Nbd2 g5 8. Bg3
g4 9. Ne5 Ne4 10. Qxg4 Bxd2+ 11. Ke2 Bb4 12. Bh4 Be7 13. Qg7 Rf8 14. Ng6 fxg6
15. Qxg6+ Rf7 16. Qg8+ Rf8 17. Qg6+ Rf7 18. Qg8+ Rf8 19. Qg6+ Rf7 20. Qg8+ 1/2-1/2

[Event "World Blitz 2015"]
[Site "Berlin GER"]
[Date "2015.10.14"]
[Round "17.75"]
[White "Donchenko, Alexander"]
[Black "Sanal, Vahap"]
[Result "1-0"]
[WhiteTitle "GM"]
[BlackTitle "IM"]
[WhiteElo "2577"]
[BlackElo "2501"]
[WhiteFideId "24603295"]
[BlackFideId "6300545"]
[EventDate "2015.10.13"]

1. e4 e5 2. Nf3 Nc6 3. Bb5 a6 4. Ba4 Nf6 5. O-O Be7 6. Re1 b5 7. Bb3 O-O 8. c3
d6 9. h3 Nb8 10. d4 Nbd7 11. Nbd2 Bb7 12. a4 h6 13. Bc2 Re8 14. Nf1 Bf8 15. Ng3
g6 16. Bd3 c6 17. c4 exd4 18. Nxd4 Ne5 19. axb5 axb5 20. Rxa8 Qxa8 21. cxb5 c5
22. Nc6 Bxc6 23. bxc6 Qxc6 24. Bc2 Rb8 25. f4 Nc4 26. e5 dxe5 27. fxe5 Qc7 28.
Qf3 Nd7 29. e6 Nde5 30. exf7+ Qxf7 31. Qxf7+ Nxf7 32. b3 Nce5 33. Bf4 Re8 34.
Kh1 h5 35. Ne4 Kg7 36. Nc3 Bd6 37. Rd1 Bb8 38. Be3 c4 39. b4 Nc6 40. Bc5 Be5 41.
b5 Na5 42. Ne4 Rb8 43. b6 c3 44. Rd7 Nc4 45. Bb3 c2 46. Bxc2 Nxb6 47. Ra7 Nd5
48. Ng5 Nc7 49. Rxc7 Bxc7 50. Ne6+ Kg8 51. Nxc7 Rc8 52. Bb6 Rb8 53. Nd5 Rc8 54.
Ne7+ 1-0

[Event "World Blitz 2015"]
[Site "Berlin GER"]
[Date "2015.10.14"]
[Round "17.76"]
[White "Mikhalevski, Victor"]
[Black "Guliyev, Namig"]
[Result "1-0"]
[WhiteTitle "GM"]
[BlackTitle "GM"]
[WhiteElo "2536"]
[BlackElo "2579"]
[WhiteFideId "2801914"]
[BlackFideId "13400363"]
[EventDate "2015.10.13"]

1. Nf3 d5 2. g3 Nf6 3. Bg2 c6 4. c4 dxc4 5. O-O Be6 6. Na3 Bd5 7. b3 cxb3 8.
axb3 Nbd7 9. Nc4 e6 10. d3 Bxf3 11. Bxf3 Be7 12. Na5 Qc8 13. Bd2 O-O 14. b4 a6
15. Qb3 Ne5 16. Bg2 Qd7 17. Rfc1 Rac8 18. Bc3 Ng6 19. Nc4 Qc7 20. Bd2 Rfd8 21.
Na5 Ne8 22. h4 Nd6 23. h5 Nf8 24. h6 g6 25. Bf4 Qd7 26. Qb2 Nf5 27. Nc4 Qd4 28.
Qb3 Bf6 29. Ra2 g5 30. Bd2 Qa7 31. Be4 Nxh6 32. Be3 Qb8 33. Kg2 Nf5 34. Rh1 Ng6
35. Ra5 b5 36. Nd2 Nxe3+ 37. fxe3 Qb6 38. d4 Kg7 39. Bc2 e5 40. Rxh7+ Kxh7 41.
Qxf7+ Bg7 42. Bxg6+ Kh8 43. Ra1 1-0

[Event "World Blitz 2015"]
[Site "Berlin GER"]
[Date "2015.10.14"]
[Round "17.77"]
[White "Ladva, Ottomar"]
[Black "Olafsson, Helgi"]
[Result "1-0"]
[WhiteTitle "IM"]
[BlackTitle "GM"]
[WhiteElo "2423"]
[BlackElo "2549"]
[WhiteFideId "4500024"]
[BlackFideId "2300010"]
[EventDate "2015.10.13"]

1. d4 Nf6 2. c4 e6 3. Nc3 Bb4 4. Qc2 d5 5. cxd5 Qxd5 6. Nf3 Qf5 7. Qxf5 exf5 8.
Bd2 c6 9. e3 Be6 10. Bd3 Nbd7 11. O-O Ke7 12. Rfc1 Rhd8 13. Na4 Bd6 14. b4 Ne4
15. Be1 Bd5 16. Nc5 b6 17. Nb7 Rdc8 18. Nxd6 Nxd6 19. Ne5 Nf8 20. a4 f6 21. Nf3
Ne6 22. Nd2 Ne4 23. f3 Nxd2 24. Bxd2 f4 25. e4 Bb3 26. Bc3 c5 27. bxc5 bxc5 28.
dxc5 Nxc5 29. Bb4 Kd6 30. Ba6 Rc6 31. Rxc5 Rxc5 32. Rc1 Rh8 1-0

[Event "World Blitz 2015"]
[Site "Berlin GER"]
[Date "2015.10.14"]
[Round "17.78"]
[White "Kulon, Klaudia"]
[Black "Seirawan, Yasser"]
[Result "1-0"]
[WhiteTitle "WGM"]
[BlackTitle "GM"]
[WhiteElo "2324"]
[BlackElo "2620"]
[WhiteFideId "1131044"]
[BlackFideId "2000032"]
[EventDate "2015.10.13"]

1. e4 c6 2. d4 d5 3. Nc3 dxe4 4. Nxe4 Nf6 5. Ng3 Bg4 6. f3 Be6 7. c3 g6 8. Bd3
Bg7 9. N1e2 O-O 10. Nf4 Bc8 11. O-O Nbd7 12. Re1 Re8 13. Bc4 e6 14. Nd3 b6 15.
Bf4 Bb7 16. Qd2 c5 17. dxc5 Nxc5 18. Nxc5 Qxd2 19. Bxd2 bxc5 20. Be3 Rec8 21.
Red1 Nd5 22. Bf2 Nb6 23. Bb3 Bd5 24. Bc2 Nc4 25. Rab1 Nb6 26. Ne4 Bxa2 27. Ra1
Bd5 28. Nxc5 Nc4 29. Nd3 a5 30. Ra4 Rab8 31. b3 Nb6 32. Bxb6 Rxb6 33. c4 Bb7 34.
Rxa5 Bd4+ 35. Kf1 Kg7 36. f4 Bc3 37. Ra2 Be4 38. Ke2 Bxg2 39. Ne5 Bxe5 40. fxe5
Rc5 41. Kf2 Bh3 42. Re1 Bf5 43. Bd1 f6 44. exf6+ Kxf6 45. Re3 e5 46. Bf3 h5 47.
Bd5 h4 48. Ra7 Rc8 49. Rf7+ Kg5 50. Ra7 e4 51. Ra5 Kf4 52. c5 Rb4 53. Bc4 Rc7
54. Re1 g5 55. Ke2 Bg4+ 56. Kd2 Bf3 57. Kc3 Rb8 58. b4 g4 59. Bd5 g3 60. hxg3+
hxg3 61. Ra6 g2 62. Re6 Rg7 63. Rg1 Ke3 64. c6 Kf2 65. Rc1 1-0

[Event "World Blitz 2015"]
[Site "Berlin GER"]
[Date "2015.10.14"]
[Round "17.79"]
[White "Nielsen, Peter Heine"]
[Black "Przybylski, Wojciech"]
[Result "1-0"]
[WhiteTitle "GM"]
[BlackTitle "FM"]
[WhiteElo "2654"]
[BlackElo "2354"]
[WhiteFideId "1400355"]
[BlackFideId "1117599"]
[EventDate "2015.10.13"]

1. e4 e5 2. Nf3 Nf6 3. Nxe5 d6 4. Nf3 Nxe4 5. Nc3 Nxc3 6. dxc3 Be7 7. Be3 Nc6 8.
Qd2 Ne5 9. O-O-O O-O 10. Kb1 c6 11. h4 Ng4 12. Bf4 d5 13. Bd3 h6 14. Nd4 Bf6 15.
f3 Ne5 16. g4 c5 17. g5 Nxd3 18. gxf6 Qxf6 19. Qxd3 Qxf4 20. Ne2 Qf6 21. Qxd5
Be6 22. Qxc5 Qxf3 23. Nd4 Qd5 24. Qa3 Rfd8 25. Rdg1 Qe5 26. Re1 Qd5 27. Rhg1 Rd7
28. b3 Rc8 29. Qb2 Qh5 30. c4 g6 31. Nxe6 fxe6 32. Qf6 Rf8 33. Qxe6+ Rdf7 34.
Qxg6+ Qxg6 35. Rxg6+ Kh7 36. Ree6 Rf1+ 37. Kb2 R8f7 38. Rxh6+ Kg7 39. h5 Rg1 40.
Rhg6+ Rxg6 41. Rxg6+ Kh7 42. Rd6 a6 43. a4 Re7 44. a5 Rc7 45. Ka3 Re7 46. Kb4
Kg8 47. c5 Re4+ 48. c4 Re7 49. c6 bxc6 50. Rxc6 Re5 51. h6 1-0